Central Library OPAC University of Rajshahi

The mature mind / (Record no. 1226)

MARC details
000 -LEADER
fixed length control field 00748nam a22002771 4500
001 - CONTROL NUMBER
control field 1226
003 - CONTROL NUMBER IDENTIFIER
rucl marc code BD-RjUL
005 - DATE AND TIME OF LATEST TRANSACTION
control field 20211208233309.0
008 - FIXED-LENGTH DATA ELEMENTS--GENERAL INFORMATION
fixed length control field 131125r19841949 nyu 001 0 eng d
035 ## - SYSTEM CONTROL NUMBER
System control number (OCoLC)ocm00224933
System control number (BD-RjUL)1248
040 ## - CATALOGING SOURCE
Original cataloging agency DLC
Transcribing agency DLC
Modifying agency BD-RjUL
Language of cataloging eng
041 ## - LANGUAGE CODE
Language code of text/sound track or separate title eng
082 ## - DEWEY DECIMAL CLASSIFICATION NUMBER
Classification number 136.52
Edition number 16
Author mark and year OVM 1977
100 1# - MAIN ENTRY--PERSONAL NAME
Personal name Overstreet, H. A.
Fuller form of name (Harry Allen),
Dates associated with a name 1875-1970.
9 (RLIN) 3624
245 14 - TITLE STATEMENT
Title The mature mind /
Statement of responsibility, etc. H. A. Overstreet.
250 ## - EDITION STATEMENT
Edition statement [1st ed.]
260 ## - PUBLICATION, DISTRIBUTION, ETC. (IMPRINT)
Place of publication, distribution, etc. New York:
Name of publisher, distributor, etc. W. W. Norton,
Date of publication, distribution, etc. c1977.
300 ## - PHYSICAL DESCRIPTION
Pagination 295 p. ;
Size 29 cm.
650 #0 - SUBJECT ADDED ENTRY--TOPICAL TERM
Topical term or geographic name as entry element Mind and body.
9 (RLIN) 396
Topical term or geographic name as entry element Mental discipline.
9 (RLIN) 3625
942 ## - ADDED ENTRY ELEMENTS (KOHA)
Source of classification or shelving scheme Dewey Decimal Classification
Koha item type Books
Holdings
Lost status Source of classification or shelving scheme Damaged status Not for loan Collection code Permanent Location Current Location Shelving location Date acquired Total Checkouts Full call number Date last seen Copy number Koha item type Source of acquisition
  Dewey Decimal Classification   Not For Loan Non-fiction Central Library, University of Rajshahi Central Library, University of Rajshahi Reading Room 27/08/1989   136.52 OVM 1984 25/11/2013 C-1 Books  
  Dewey Decimal Classification     Non-fiction Central Library, University of Rajshahi Central Library, University of Rajshahi   26/02/1958   136.52 OVM 1950 07/04/2014 C-2 Books U.S.I.S. Dacca Gift